| 000 | 00619cam a2200193u 4500 | ||
|---|---|---|---|
| 001 | 000011874 | ||
| 005 | 20200929162612.0 | ||
| 008 | 831220s1939 xx a 000 0 spa | ||
| 010 | _a40018019 | ||
| 040 |
_aDO-SdBNP _cCarP _dDLC |
||
| 050 | 0 | 0 |
_aPE1129.S8 _bE3 1939 |
| 100 | 1 |
_aElias, Alfredo. [from old catalog] _928064 |
|
| 245 | 1 | 0 | _aMetodo practico de ingles,. |
| 260 |
_aNueva York, : _bNational paper & type company, _c[1939]. |
||
| 300 |
_ax, 228 p. : _billus. ; _c17 x 21 cm. |
||
| 650 | 0 |
_aEnglish language _vTextbooks for foreign speakers _xSpanish. _928065 |
|
| 910 | _aCatalogación derivada | ||
| 049 | _aDC | ||
| 999 |
_c11546 _d11546 |
||